El concierto

En tiempos de Brézhnev, Andreï Filipov, el mejor director de orquesta de la Unión Soviética, estaba al frente de la célebre orquesta del Bolchoï. Pero fue destituido al negarse a despedir a los músicos judíos, entre los que estaba Sacha, su mejor amigo. Treinta años después, sigue trabajando en el B...

Descripción completa

Guardado en:
Autor Principal: Mihăileanu, Radu.
Autor Corporativo: BiM Distribuzione.
Otros Autores: Guskov, Alekséi; Reparto., Laurent, Mélanie; Reparto., Miou-Miou; Reparto.
Formato: Deslizar
Idioma:Undetermined
Publicado: Francia : The Weinstein Company, 2009.
Materias:
Etiquetas: Agregar Etiqueta
Sin Etiquetas, Sea el primero en etiquetar este registro!
LEADER 01407ngm a22002415a 4500
001 CEM.cems020716
008 231129s2009####xx#---############vlund#d
005 20231129212039.0
245 1 0 |a El concierto  |h [videograbación] /  |c Radu Mihăileanu. 
260 |a Francia :  |b The Weinstein Company,  |c 2009. 
300 |a 117'. 
520 |a En tiempos de Brézhnev, Andreï Filipov, el mejor director de orquesta de la Unión Soviética, estaba al frente de la célebre orquesta del Bolchoï. Pero fue destituido al negarse a despedir a los músicos judíos, entre los que estaba Sacha, su mejor amigo. Treinta años después, sigue trabajando en el Bolchoï, pero como hombre de la limpieza. Un día en que se queda trabajando hasta muy tarde, descubre un fax dirigido al director del Bolchoï, en el que el Teatro del Châtelet invita a la orquesta a dar un concierto en Paris. 
538 |a Soporte: DVD -- Formato: AVI – Peso: 1.27gb -- Resolución: 720 x 302 -- 25fps 
500 |a Título original: Le Concert – Idioma: Doblada al español. 
590 |a Identificación anterior: 318 
100 1 |a Mihăileanu, Radu. 
700 1 |a Guskov, Alekséi; Reparto. 
700 1 |a Laurent, Mélanie; Reparto. 
700 1 |a Miou-Miou; Reparto. 
710 2 |a BiM Distribuzione. 
653 |a FICCIÓN 
653 |a LARGOMETRAJE 
859 |a CEMS  |b BIB. CEMS - Depto. Recursos Didacticos  |h 778.5  |i MIH-2  |k DRD  |p 3258.23  |t Ej.1